| 000 | 01734nam a2200409 a 4500 | ||
|---|---|---|---|
| 001 | ebr10235019 | ||
| 003 | CaPaEBR | ||
| 006 | m u | ||
| 007 | cr cn||||||||| | ||
| 008 | 060905s2007 ne sb 001 0 eng | ||
| 010 | _z 2006043092 | ||
| 015 |
_aGBA688574 _2bnb |
||
| 016 | 7 |
_z013579046 _2Uk |
|
| 020 | _z9004154744 (alk. paper) | ||
| 020 | _z9789004154742 | ||
| 040 |
_aCaPaEBR _cCaPaEBR |
||
| 035 | _a(OCoLC)319492710 | ||
| 050 | 1 | 4 |
_aBS2589.6.V57 _bM55 2007eb |
| 082 | 0 | 4 |
_a226.4/06 _222 |
| 100 | 1 | _aMiller, John B. F. | |
| 245 | 1 | 0 |
_a"Convinced that God had called us" _h[electronic resource] : _bdreams, visions, and the perception of God's will in Luke-Acts / _cby John B.F. Miller. |
| 260 |
_aLeiden ; _aBoston : _bBrill, _c2007. |
||
| 300 | _axii, 282 p. | ||
| 490 | 1 |
_aBiblical interpretation series, _x0928-0731 ; _vv. 85 |
|
| 500 | _aRevision of the author's thesis (doctoral)--Princeton Theological Seminary. | ||
| 504 | _aIncludes bibliographical references (p. [245]-257) and indexes. | ||
| 533 |
_aElectronic reproduction. _bPalo Alto, Calif. : _cebrary, _d2013. _nAvailable via World Wide Web. _nAccess may be limited to ebrary affiliated libraries. |
||
| 630 | 0 | 0 |
_aBible. _pN.T. _pLuke _xCriticism, interpretation, etc. |
| 630 | 0 | 0 |
_aBible. _pN.T. _pActs _xCriticism, interpretation, etc. |
| 650 | 0 |
_aVisions _xBiblical teaching. |
|
| 650 | 0 |
_aDreams _xBiblical teaching. |
|
| 650 | 0 |
_aVocation _xChristianity _xBiblical teaching. |
|
| 655 | 7 |
_aElectronic books. _2local |
|
| 710 | 2 | _aebrary, Inc. | |
| 830 | 0 |
_aBiblical interpretation series ; _vv. 85. |
|
| 856 | 4 | 0 |
_uhttp://site.ebrary.com/lib/rucke/Doc?id=10235019 _zAn electronic book accessible through the World Wide Web; click to view |
| 999 |
_c38658 _d38658 |
||